<?xml version="1.0" encoding="UTF-8"?>
<collection xmlns:xsi="http://www.w3.org/2001/XMLSchema-instance" xsi:schemaLocation="http://www.loc.gov/MARC21/slim http://www.loc.gov/standards/marcxml/schema/MARC21slim.xsd" xmlns="http://www.loc.gov/MARC21/slim">
 <record>
  <leader>00000cam a22000004i 4500</leader>
  <controlfield tag="001">UP-8027390931312542704</controlfield>
  <controlfield tag="003">Buklod</controlfield>
  <controlfield tag="005">20210512134521.0</controlfield>
  <controlfield tag="006">o--- |     ||   ||</controlfield>
  <controlfield tag="007">ta</controlfield>
  <controlfield tag="008">210512s2019    xx     d     r    |||| u|</controlfield>
  <datafield tag="020" ind1=" " ind2=" ">
   <subfield code="a">9781138369573</subfield>
  </datafield>
  <datafield tag="035" ind1=" " ind2=" ">
   <subfield code="a">(iLib)UPCEB-00012051528</subfield>
  </datafield>
  <datafield tag="040" ind1=" " ind2=" ">
   <subfield code="a">Ohiolink (emz)</subfield>
  </datafield>
  <datafield tag="041" ind1=" " ind2=" ">
   <subfield code="a">eng</subfield>
  </datafield>
  <datafield tag="042" ind1=" " ind2=" ">
   <subfield code="a">pcc</subfield>
  </datafield>
  <datafield tag="050" ind1="0" ind2="0">
   <subfield code="a">PN 56.T685</subfield>
   <subfield code="b">S73 2019</subfield>
  </datafield>
  <datafield tag="090" ind1=" " ind2="0">
   <subfield code="a">PN 56 T685</subfield>
   <subfield code="b">S73 2019</subfield>
  </datafield>
  <datafield tag="100" ind1="1" ind2=" ">
   <subfield code="a">Stam, Robert</subfield>
   <subfield code="d">1941-</subfield>
   <subfield code="e">author.</subfield>
  </datafield>
  <datafield tag="245" ind1="1" ind2="0">
   <subfield code="a">World literature, transnational cinema, and global media</subfield>
   <subfield code="b">towards a transartistic commons</subfield>
   <subfield code="c">Robert Stam.</subfield>
  </datafield>
  <datafield tag="264" ind1=" " ind2="1">
   <subfield code="a">London</subfield>
   <subfield code="a">New York</subfield>
   <subfield code="b">Routledge, Taylor &amp; Francis Group</subfield>
   <subfield code="c">2019.</subfield>
  </datafield>
  <datafield tag="300" ind1=" " ind2=" ">
   <subfield code="a">x, 275 pages</subfield>
   <subfield code="c">24 cm.</subfield>
  </datafield>
  <datafield tag="500" ind1=" " ind2=" ">
   <subfield code="a">Mr. Francis Torres (Recommending faculty) - Bookfair 2019</subfield>
  </datafield>
  <datafield tag="504" ind1=" " ind2=" ">
   <subfield code="a">Includes bibliographical references and index.</subfield>
  </datafield>
  <datafield tag="505" ind1="0" ind2=" ">
   <subfield code="a">Introduction : the terms of debate -- Goethe and Weltliteratur -- The theory of world literature -- From world literature to alternative modernisms -- The cosmopolitanism of the periphery -- Columbus, el nuevo mundo, and postcolonial studies -- French postcoloniality and literature-monde -- Sibling disciplines : literary studies and cinema studies -- From literature to film : a study in ambivalence -- The cinema and the canon -- The gains of (film) translation -- Adaptation and cultural estrangement -- Adaptation, remix, and the cultural commons -- The international pre-history of world cinema -- The emergence of world cinema -- Transartistic convergences in the musical commons -- Musical transmediality in the global south -- The transnational turn -- Transnational cinema -- The coefficient of transnationality -- Transnational reception, gender, and aesthetics -- Transnational film schools and pedagogy -- Minor cinema, the indigene, and the state -- The rise of the &quot;woods&quot; : from Hollywood to Nollywood via Bollywood -- Globalization, political economy, and the media -- Acquatic tropologies -- Technologies of intermedial flow -- Globalization : mediatic resistance -- Transoceanic currents : the red, black, and white Atlantic -- Global indigeneity and the transnational gaze -- The media&quot;s &quot;deep time&quot; and the planetary commons -- The commons and the globalized citizen -- Terminological reflections -- Toward a &quot;trans&quot; methodology.</subfield>
  </datafield>
  <datafield tag="520" ind1=" " ind2=" ">
   <subfield code="a">&quot;With extraordinary transnational and transdisciplinary range, World Literature, Transnational Cinema, and Global Media comprehensively explores the genealogies, vocabularies, and concepts orienting the fields within literature, cinema and media studies. Orchestrating a layered conversation between arts, disciplines, and media, Stam argues for their &quot;mutual embeddedness&quot; and their shared &quot;in-between&quot; territories. Rather than merely add to the existing scholarship, the book builds a relational framework through the connectivities within literature, cinema and media that opens up analysis to new categories and concepts, whilst crossing spatial, temporal, theoretical, disciplinary, and mediatic borders. The book also questions an array of hierarchies: literature over cinema; source novel over adaptation; feature film over documentary; erudite over vernacular culture; western modernisms over &quot;peripheral&quot; modernisms; classical over popular music; written poetry over sung poetry, and so forth. The book is structured around the concept of the &quot;Commons,&quot; forming a strong thread which links various struggles against &quot;enclosures&quot; of all kinds, with emphasis on natural, indigenous, cultural, creative, digital, and the transdisciplinary commons. World Literature, Transnational Cinema, and Global Media is ideal to further the theoretical discussion for those undergraduate and graduate departments in cinema studies, media studies, arts and art history, communications, journalism, and new digital media programs at all levels&quot;-- Provided by publisher.</subfield>
  </datafield>
  <datafield tag="650" ind1=" " ind2="0">
   <subfield code="a">Literature and transnationalism.</subfield>
  </datafield>
  <datafield tag="650" ind1=" " ind2="0">
   <subfield code="a">Motion pictures and transnationalism.</subfield>
  </datafield>
  <datafield tag="650" ind1=" " ind2="0">
   <subfield code="a">Mass media and globalization.</subfield>
  </datafield>
  <datafield tag="905" ind1=" " ind2=" ">
   <subfield code="a">FO</subfield>
  </datafield>
  <datafield tag="852" ind1="0" ind2=" ">
   <subfield code="a">UPCEB</subfield>
   <subfield code="b">CEBU-LAHUG</subfield>
   <subfield code="h">PN 56 T685</subfield>
   <subfield code="i">S73 2019</subfield>
  </datafield>
  <datafield tag="942" ind1=" " ind2=" ">
   <subfield code="a">Book</subfield>
  </datafield>
 </record>
</collection>
